Reliability of MEM'S Testing of Materials and Divices (Record no. 2087)

MARC details
000 -LEADER
fixed length control field 00348nam a22001337a 4500
008 - FIXED-LENGTH DATA ELEMENTS--GENERAL INFORMATION
fixed length control field 250304b |||||||| |||| 00| 0 eng d
020 ## - INTERNATIONAL STANDARD BOOK NUMBER
ISBN 9783527335015
100 ## - MAIN ENTRY--AUTHOR
Author Tabata Osamu
245 ## - TITLE STATEMENT
Title Reliability of MEM'S Testing of Materials and Divices
260 ## - PUBLICATION, DISTRIBUTION, ETC. (IMPRINT)
Place of publication Germany
Name of publisher Wiley-WCH
Date of publication 2013
300 ## - COLLATION
Pagination XX,303P
942 ## - ADDED ENTRY ELEMENTS (KOHA)
Item type Books
050 ## - LIBRARY OF CONGRESS CALL NUMBER
Classification number TK7875
Item number .R43
Holdings
Source of classification or shelving scheme Not for loan Permanent location Current location Date acquired Accession No. Full call number Barcode. Koha item type
Library of Congress Classification   Samuel Ogbemudia Main Library, University of Abuja Samuel Ogbemudia Main Library, University of Abuja 03/04/2025 2024/64108 TK7875.R43 2025-0262 Books